[Event "BL2-Ost 2122"]
[Site "Germany"]
[Date "2022.05.15"]
[Round "6.2"]
[White "Langrock, Hannes"]
[Black "Niegsch, Nicolas"]
[Result "1-0"]
[WhiteElo "2355"]
[BlackElo "2302"]
[PlyCount "98"]
[EventDate "2022.03.05"]
[EventType "team-tourn"]
[EventRounds "10"]
[EventCountry "GER"]
[SourceTitle "EXT 2023"]
[Source "ChessBase"]
[SourceDate "2022.10.05"]
[SourceVersion "1"]
[SourceVersionDate "2022.10.05"]
[SourceQuality "1"]
[WhiteTeam "Nickelhuette Aue"]
[BlackTeam "Loeberitz"]
[WhiteTeamCountry "GER"]
[BlackTeamCountry "GER"]

1. d4 d5 2. Nf3 c5 3. c4 e6 4. g3 Nc6 5. cxd5 exd5 6. Bg2 Nf6 7. 0-0 Be7 8. dxc5 Bxc5 9. a3 Ne4 10. Nfd2 f5 11. Nc3 Be6 12. Nb3 Be7 13. Be3 0-0 14. Nd4 Nxd4 15. Bxd4 h5 16. Qd3 a6 17. Rfd1 Rc8 18. Rac1 h4 19. Be3 Bf6 20. Nxd5 Qxd5 21. Qxd5 Bxd5 22. Rxc8 Rxc8 23. Rxd5 hxg3 24. hxg3 g6 25. g4 Bxb2 26. gxf5 Nf6 27. Rd3 gxf5 28. Bxb7 Rc4 29. Bxa6 Rg4+ 30. Kf1 Ra4 31. Bc8 f4 32. Be6+ Kg7 33. Bc5 Ne4 34. Bb4 Kf6 35. Bd7 Ra6 36. a4 Ke5 37. Rh3 Rb6 38. Bb5 Rg6 39. Rh5+ Kd4 40. Bd3 Rb6 41. Be1 Rc6 42. Rf5 Bc1 43. Bb5 Rh6 44. Bb4 Nd2+ 45. Bxd2 Bxd2 46. Kg2 Rg6+ 47. Kf3 Rh6 48. Bd3 Rh3+ 49. Kg2 Rh6 1-0

[Event "BL2-Ost 2122"]
[Site "Germany"]
[Date "2022.05.01"]
[Round "4.2"]
[White "Zajogin, Alexander"]
[Black "Niegsch, Nicolas"]
[Result "1-0"]
[WhiteElo "2394"]
[BlackElo "2302"]
[PlyCount "65"]
[EventDate "2022.03.05"]
[EventType "team-tourn"]
[EventRounds "10"]
[EventCountry "GER"]
[SourceTitle "EXT 2023"]
[Source "ChessBase"]
[SourceDate "2022.10.05"]
[SourceVersion "1"]
[SourceVersionDate "2022.10.05"]
[SourceQuality "1"]
[WhiteTeam "Bayern Muenchen II"]
[BlackTeam "Loeberitz"]
[WhiteTeamCountry "GER"]
[BlackTeamCountry "GER"]

1. d4 d5 2. c4 e6 3. Nc3 c5 4. cxd5 exd5 5. Nf3 Nc6 6. g3 Nf6 7. Bg2 Be7 8. 0-0 0-0 9. Bg5 c4 10. Ne5 Be6 11. Qd2 h6 12. Bxf6 Bxf6 13. f4 Ne7 14. e4 dxe4 15. Nxe4 Nf5 16. d5 Bxd5 17. Nxf6+ gxf6 18. Bxd5 fxe5 19. fxe5 Qb6+ 20. Kh1 Ne3 21. Rf6 Qc5 22. Rg6+ Kh7 23. Rd6 Rae8 24. Rf1 Rxe5 25. Rxf7+ Rxf7 26. Bxf7 Kg7 27. Be6 Nd5 28. Rxd5 Qf8 29. Rd7+ Kg6 30. Bf7+ Kh7 31. Qc2+ Kh8 32. Qg6 Re8 33. Qf6+ 1-0

[Event "BL2-Ost 2122"]
[Site "Germany"]
[Date "2022.04.30"]
[Round "3.2"]
[White "Niegsch, Nicolas"]
[Black "Mons, Leon"]
[Result "1-0"]
[WhiteElo "2302"]
[BlackElo "2541"]
[PlyCount "57"]
[EventDate "2022.03.05"]
[EventType "team-tourn"]
[EventRounds "10"]
[EventCountry "GER"]
[SourceTitle "EXT 2023"]
[Source "ChessBase"]
[SourceDate "2022.10.05"]
[SourceVersion "1"]
[SourceVersionDate "2022.10.05"]
[SourceQuality "1"]
[WhiteTeam "Loeberitz"]
[BlackTeam "Muenchen Zugzwang"]
[WhiteTeamCountry "GER"]
[BlackTeamCountry "GER"]

1. d4 Nf6 2. c4 e6 3. Nc3 Bb4 4. a3 Bxc3+ 5. bxc3 c5 6. e3 Nc6 7. Bd3 d6 8. Ne2 e5 9. 0-0 e4 10. Bb1 Bg4 11. f3 exf3 12. gxf3 Bh3 13. Re1 Nh5 14. Ng3 Qh4 15. Ra2 0-0 16. Kh1 f5 17. Rg1 Rae8 18. dxc5 dxc5 19. Qd7 Re7 20. Qd5+ Kh8 21. Qxc5 Nxg3+ 22. Rxg3 Qf6 23. e4 Bf1 24. Bg5 Qxc3 25. Bxe7 f4 26. Bxf8 fxg3 27. hxg3 Qxf3+ 28. Kh2 Be2 29. Qf5 1-0

[Event "Oberliga Ost-A 1920"]
[Site "Germany"]
[Date "2020.01.18"]
[Round "6.3"]
[White "Heyder, Florian"]
[Black "Niegsch, Nicolas"]
[Result "1/2-1/2"]
[WhiteElo "2225"]
[BlackElo "2286"]
[PlyCount "57"]
[EventDate "2019.09.29"]
[EventType "team-tourn"]
[EventRounds "11"]
[EventCountry "GER"]
[SourceTitle "EXT 2021"]
[Source "ChessBase"]
[SourceDate "2020.10.23"]
[SourceVersion "1"]
[SourceVersionDate "2020.10.23"]
[SourceQuality "1"]
[WhiteTeam "Sangerhausen"]
[BlackTeam "Loeberitz"]
[WhiteTeamCountry "GER"]
[BlackTeamCountry "GER"]

1. d4 d5 2. c4 e6 3. Nc3 c5 4. Nf3 Nc6 5. cxd5 exd5 6. dxc5 d4 7. Na4 Bxc5 8. Nxc5 Qa5+ 9. Bd2 Qxc5 10. Rc1 Qb6 11. e3 Nf6 12. Nxd4 Nxd4 13. exd4 0-0 14. Bc3 Bg4 15. f3 Be6 16. Bd3 Bxa2 17. 0-0 Rfe8 18. Qa4 Bd5 19. Qb4 Qxb4 20. Bxb4 Re3 21. Rfd1 g6 22. Kf2 Re6 23. Re1 Kg7 24. Re5 Rb6 25. Ba3 Rd8 26. Rc2 Be6 27. Be2 Bf5 28. Rd2 Nd5 29. Bc4 1/2-1/2

[Event "Oberliga Ost-A 1819"]
[Site "Germany"]
[Date "2019.04.07"]
[Round "11.3"]
[White "Wong, Gengchun"]
[Black "Niegsch, Nicolas"]
[Result "1/2-1/2"]
[WhiteElo "2194"]
[BlackElo "2213"]
[PlyCount "82"]
[EventDate "2018.10.21"]
[EventType "team-tourn"]
[EventRounds "11"]
[EventCountry "GER"]
[SourceTitle "EXT 2020"]
[Source "ChessBase"]
[SourceDate "2019.10.17"]
[SourceVersion "1"]
[SourceVersionDate "2019.10.17"]
[SourceQuality "1"]
[WhiteTeam "Dresden USV TU II"]
[BlackTeam "Loeberitz"]
[WhiteTeamCountry "GER"]
[BlackTeamCountry "GER"]

1. e4 c5 2. Nf3 d6 3. d4 cxd4 4. Nxd4 Nf6 5. Nc3 g6 6. Be3 Bg7 7. f3 0-0 8. Qd2 Nc6 9. Bc4 Bd7 10. 0-0-0 Rc8 11. Bb3 Nxd4 12. Bxd4 b5 13. a3 a5 14. Rhe1 b4 15. axb4 axb4 16. Nd5 Nxd5 17. Bxg7 Kxg7 18. exd5 Kg8 19. Qd4 Rc5 20. Kd2 Re8 21. Qxb4 Qc7 22. Re3 e6 23. dxe6 Bxe6 24. Qa4 Re7 25. Bxe6 fxe6 26. Ra1 d5 27. g3 e5 28. Qb3 Kg7 29. Rc3 Rxc3 30. Qxc3 Qb6 31. Re1 d4 32. Qa3 Ra7 33. Qb3 Qa5+ 34. Ke2 e4 35. fxe4 Qh5+ 36. Kd2 Qxh2+ 37. Re2 Qh6+ 38. Kd3 Qg5 39. Qb8 Rf7 40. Qd6 Qb5+ 41. Kd2 Qg5+ 1/2-1/2

[Event "Oberliga Ost-A 1819"]
[Site "Germany"]
[Date "2019.02.03"]
[Round "7.4"]
[White "Niegsch, Nicolas"]
[Black "Schnabel, Ralf"]
[Result "1/2-1/2"]
[WhiteElo "2213"]
[BlackElo "2202"]
[PlyCount "130"]
[EventDate "2018.10.21"]
[EventType "team-tourn"]
[EventRounds "11"]
[EventCountry "GER"]
[SourceTitle "EXT 2020"]
[Source "ChessBase"]
[SourceDate "2019.10.17"]
[SourceVersion "1"]
[SourceVersionDate "2019.10.17"]
[SourceQuality "1"]
[WhiteTeam "Loeberitz"]
[BlackTeam "Aue Nickelhuette II"]
[WhiteTeamCountry "GER"]
[BlackTeamCountry "GER"]

1. d4 Nf6 2. c4 g6 3. Nc3 d5 4. cxd5 Nxd5 5. e4 Nxc3 6. bxc3 Bg7 7. Bc4 c5 8. Ne2 0-0 9. Be3 cxd4 10. cxd4 Qa5+ 11. Qd2 Nc6 12. Rc1 Rd8 13. d5 Qxd2+ 14. Bxd2 Ne5 15. Nf4 Bd7 16. Be2 Rdc8 17. 0-0 b5 18. Bb4 Bf8 19. Nd3 Nxd3 20. Bxd3 e5 21. Bxf8 Kxf8 22. Rb1 a6 23. f4 Rc3 24. Rbd1 Re8 25. fxe5 Rxe5 26. Rf6 Ra3 27. Bb1 Ke7 28. Rb6 a5 29. Rc1 f5 30. d6+ Ke6 31. exf5+ gxf5 32. g4 fxg4 33. Bxh7 g3 34. h4 Rae3 35. Rf1 Kd5 36. Rb7 Kc6 37. Ra7 Rd5 38. Rxa5 Rxd6 39. Ra6+ Kc7 40. Rc1+ Rc6 41. Raxc6+ Bxc6 42. h5 Re2 43. Bd3 Re5 44. h6 Rh5 45. Be4 Rxh6 46. Rc3 Kb6 47. Bxc6 Rxc6 48. Rxg3 Rf6 49. Ra3 Kc5 50. Kg2 b4 51. Ra5+ Kc4 52. Kg3 Kc3 53. Kg4 Rf1 54. Kg3 Kc4 55. Kg4 Rf7 56. Kg3 Kc3 57. Kg4 Rf1 58. Kg3 Kc2 59. Ra4 Kc3 60. Ra5 Ra1 61. Ra4 Kc4 62. Ra5 Rc1 63. Kf3 Rc3+ 64. Ke2 Ra3 65. Rxa3 bxa3 1/2-1/2

[Event "Oberliga Ost-A 1819"]
[Site "Germany"]
[Date "2018.12.16"]
[Round "5.3"]
[White "Kuchynka, Lukas"]
[Black "Niegsch, Nicolas"]
[Result "1/2-1/2"]
[WhiteElo "2296"]
[BlackElo "2213"]
[PlyCount "122"]
[EventDate "2018.10.21"]
[EventType "team-tourn"]
[EventRounds "11"]
[EventCountry "GER"]
[SourceTitle "EXT 2020"]
[Source "ChessBase"]
[SourceDate "2019.10.17"]
[SourceVersion "1"]
[SourceVersionDate "2019.10.17"]
[SourceQuality "1"]
[WhiteTeam "Magdeburg Rochade"]
[BlackTeam "Loeberitz"]
[WhiteTeamCountry "GER"]
[BlackTeamCountry "GER"]

1. d4 Nf6 2. Bf4 g6 3. Nc3 d6 4. e4 c6 5. Qd2 b5 6. Bd3 Nbd7 7. 0-0-0 e5 8. dxe5 dxe5 9. Bh6 Bxh6 10. Qxh6 Ng4 11. Qd2 Qb6 12. Rf1 b4 13. Nd1 Qa5 14. Kb1 Nb6 15. f4 Be6 16. b3 0-0-0 17. h3 Nf6 18. fxe5 Nxe4 19. Qe1 Nc5 20. Nb2 Rd7 21. Ne2 Rhd8 22. g4 Rd5 23. Nf4 Rd4 24. Ne2 Nxd3 25. cxd3 Rxd3 26. Nxd3 Rxd3 27. Nc1 Rc3 28. Rh2 Qc5 29. Rd2 Nd5 30. Nd3 Qa5 31. Nf4 Re3 32. Qf2 Nc3+ 33. Ka1 Qxe5 34. Rb2 Bd5 35. Nxd5 cxd5 36. Rc1 f6 37. h4 Kb8 38. g5 f5 39. h5 gxh5 40. Qh4 f4 41. g6 hxg6 42. Qd8+ Kb7 43. Qa5 Qd4 44. Qd8 Qb6 45. Qf8 a5 46. Qxf4 Qe6 47. Qf8 Qe7 48. Qg8 Qf6 49. Rg1 Re7 50. Rc1 Qd6 51. Rf2 Qe5 52. Rb2 Qe3 53. Rbc2 Qd4 54. Rb2 Qe4 55. Qd8 Rc7 56. Rf2 Qd4 57. Rb2 h4 58. Qg5 Qe4 59. Rh2 Qd4 60. Rb2 Qe4 61. Rh2 h3 1/2-1/2

[Event "Leipzig VfB op 25th"]
[Site "Leipzig"]
[Date "2018.03.25"]
[Round "9"]
[White "Niegsch, Nicolas"]
[Black "Noack, Thomas"]
[Result "1-0"]
[WhiteElo "2257"]
[BlackElo "2015"]
[PlyCount "65"]
[EventDate "2018.03.20"]
[EventType "swiss"]
[EventRounds "9"]
[EventCountry "GER"]
[SourceTitle "CBM 183 Extra"]
[Source "ChessBase"]
[SourceDate "2018.04.19"]
[SourceVersion "1"]
[SourceVersionDate "2018.04.19"]
[SourceQuality "1"]

1. Nf3 d5 2. c4 c6 3. g3 Nf6 4. Bg2 e6 5. b3 Be7 6. 0-0 0-0 7. Bb2 Nbd7 8. Nc3 b6 9. e3 Ba6 10. Qe2 Rc8 11. d3 Qc7 12. Rad1 Rfe8 13. Nh4 Bb7 14. f4 c5 15. g4 dxc4 16. bxc4 Bxg2 17. Nxg2 Nf8 18. g5 N6d7 19. Ne4 f5 20. Ng3 g6 21. Ba1 e5 22. Nh4 Ne6 23. Nhxf5 gxf5 24. Nxf5 Bf8 25. Qg4 Ng7 26. Nh6+ Kh8 27. Rf3 exf4 28. exf4 Re2 29. g6 Rce8 30. Nf7+ Kg8 31. gxh7+ Kxh7 32. Ng5+ Kg8 33. Qh4 1-0

[Event "Oberliga Ost-A 1718"]
[Site "Germany"]
[Date "2018.01.21"]
[Round "5.1"]
[White "Niegsch, Nicolas"]
[Black "Zwahr, Paul"]
[Result "0-1"]
[WhiteElo "2232"]
[BlackElo "2306"]
[PlyCount "84"]
[EventDate "2017.10.22"]
[EventType "team-tourn"]
[EventRounds "11"]
[EventCountry "GER"]
[SourceTitle "EXT 2019"]
[Source "ChessBase"]
[SourceDate "2018.10.10"]
[SourceVersion "1"]
[SourceVersionDate "2018.10.10"]
[SourceQuality "1"]
[WhiteTeam "Loeberitz"]
[BlackTeam "Dresden Gruen Weiss"]
[WhiteTeamCountry "GER"]
[BlackTeamCountry "GER"]

1. Nf3 Nf6 2. c4 g6 3. b3 Bg7 4. Bb2 0-0 5. g3 d6 6. d4 Nbd7 7. Bg2 e5 8. dxe5 Ng4 9. 0-0 dxe5 10. h3 Nh6 11. e4 f6 12. Nc3 Nf7 13. Qc2 c6 14. Rad1 Qc7 15. h4 Rd8 16. h5 Nf8 17. Nh4 Bg4 18. hxg6 hxg6 19. f3 Be6 20. c5 b6 21. Na4 b5 22. Nc3 a5 23. Bc1 Bh6 24. Bxh6 Nxh6 25. Qc1 Kg7 26. Ne2 Rxd1 27. Rxd1 Rd8 28. Rf1 Rd3 29. Kh1 Qd7 30. Qe1 Rd2 31. Nc1 Bh3 32. g4 Bxg2+ 33. Nxg2 Ne6 34. Qg3 Nf7 35. Ne3 Nf4 36. Kg1 Qd4 37. Qe1 Ng5 38. Kh1 Rb2 39. b4 Qd8 40. Qh4 Qd2 41. Rd1 Qxe3 42. Rd7+ Kg8 0-1

[Event "Oberliga Ost-A 1718"]
[Site "Germany"]
[Date "2017.11.12"]
[Round "3.2"]
[White "Zawadzka, Jolanta"]
[Black "Niegsch, Nicolas"]
[Result "1-0"]
[WhiteElo "2420"]
[BlackElo "2232"]
[PlyCount "87"]
[EventDate "2017.10.22"]
[EventType "team-tourn"]
[EventRounds "11"]
[EventCountry "GER"]
[SourceTitle "EXT 2019"]
[Source "ChessBase"]
[SourceDate "2018.10.10"]
[SourceVersion "1"]
[SourceVersionDate "2018.10.10"]
[SourceQuality "1"]
[WhiteTeam "Plauen Koenig"]
[BlackTeam "Loeberitz"]
[WhiteTeamCountry "GER"]
[BlackTeamCountry "GER"]

1. e4 d6 2. d4 Nf6 3. Nc3 g6 4. Nf3 Bg7 5. Be3 c6 6. Qd2 b5 7. a3 Nbd7 8. Be2 Bb7 9. e5 dxe5 10. dxe5 Ng4 11. e6 fxe6 12. Ng5 Nxe3 13. Nxe6 Bh6 14. fxe3 Qb6 15. Qd4 Qxd4 16. exd4 Kf7 17. Bg4 Nf6 18. 0-0 Be3+ 19. Kh1 Bc8 20. Rae1 Bxe6 21. Bxe6+ Kxe6 22. Rxe3+ Kd7 23. h3 Rae8 24. Ref3 Kc7 25. g4 Nd7 26. Rf7 h5 27. g5 Rhf8 28. Kg2 Kd6 29. Rg7 Rg8 30. Rff7 Rxg7 31. Rxg7 Nf8 32. Kf3 a5 33. h4 Ke6 34. Ne2 Kd5 35. Nf4+ Kxd4 36. Rg8 e5 37. Nxg6 Nxg6 38. Rxe8 Nxh4+ 39. Kf2 e4 40. Re6 Nf5 41. g6 h4 42. Rf6 e3+ 43. Ke1 Ng7 44. Rf7 1-0

[Event "Oberliga Ost-A 1617"]
[Site "Germany"]
[Date "2017.04.23"]
[Round "9.5"]
[White "Haertig, Jens"]
[Black "Niegsch, Nicolas"]
[Result "1-0"]
[WhiteElo "2137"]
[BlackElo "2191"]
[PlyCount "75"]
[EventDate "2016.10.16"]
[EventType "team-tourn"]
[EventRounds "11"]
[EventCountry "GER"]
[SourceTitle "EXT 2018"]
[Source "ChessBase"]
[SourceDate "2017.10.13"]
[SourceVersion "1"]
[SourceVersionDate "2017.10.13"]
[SourceQuality "1"]
[WhiteTeam "Naumburg"]
[BlackTeam "Loeberitz"]
[WhiteTeamCountry "GER"]
[BlackTeamCountry "GER"]

1. c4 f5 2. g3 Nf6 3. Bg2 g6 4. Nc3 Bg7 5. d3 0-0 6. e4 c5 7. Nge2 Nc6 8. 0-0 d6 9. Rb1 Be6 10. Nd5 Nd7 11. f4 Nb6 12. b3 Qd7 13. Ne3 fxe4 14. dxe4 Bh3 15. Bb2 Bxg2 16. Nxg2 Qe6 17. Bxg7 Kxg7 18. Nc3 Nd4 19. Ne3 h5 20. Kg2 Nd7 21. Nc2 Nxc2 22. Qxc2 h4 23. Nd5 Rac8 24. Rbe1 Qf7 25. f5 Ne5 26. Qd2 e6 27. Ne3 Rcd8 28. g4 h3+ 29. Kxh3 Qf6 30. Kg2 Rh8 31. h3 exf5 32. exf5 Qg5 33. fxg6 Kxg6 34. Qc2+ Kg7 35. Rf5 Qh6 36. Rh5 Qf4 37. Nf5+ Kf6 38. Rf1 1-0

[Event "GER CupT 1617 prel1"]
[Site "Loeberitz"]
[Date "2017.01.28"]
[Round "1"]
[White "Haidary, Hameedullah"]
[Black "Niegsch, Nicolas"]
[Result "0-1"]
[WhiteElo "2185"]
[BlackElo "2217"]
[PlyCount "84"]
[EventDate "2017.01.28"]
[EventType "team-k.o."]
[EventRounds "2"]
[EventCountry "GER"]
[SourceTitle "EXT 2019"]
[Source "ChessBase"]
[SourceDate "2018.10.10"]
[SourceVersion "1"]
[SourceVersionDate "2018.10.10"]
[SourceQuality "1"]
[WhiteTeam "Leipzig SG"]
[BlackTeam "Loeberitz"]
[WhiteTeamCountry "GER"]
[BlackTeamCountry "GER"]

1. e4 g6 2. d4 Bg7 3. c3 d6 4. Be3 Nf6 5. f3 0-0 6. Bd3 e5 7. dxe5 dxe5 8. Ne2 Qe7 9. 0-0 Nbd7 10. Qc2 Nc5 11. Bc4 Ne6 12. Bxe6 Bxe6 13. c4 Nh5 14. g4 Nf4 15. Ng3 Rad8 16. b3 h5 17. gxh5 Bh3 18. Rf2 Rd3 19. h6 Bxh6 20. Bxf4 exf4 21. Nf1 Rfd8 22. Nbd2 Bg7 23. e5 Qxe5 24. Rc1 Qg5+ 25. Kh1 f5 26. Nb1 Bd4 27. Rg2 Bxg2+ 28. Qxg2 Qxg2+ 29. Kxg2 Be3 30. Rc2 c6 31. Nc3 Kf7 32. b4 g5 33. h3 Bd2 34. Nb1 Bxb4 35. Rb2 a5 36. a3 Bxa3 37. Rxb7+ Kf6 38. Kf2 Bb4 39. Ke2 Rd1 40. Nbd2 R8xd2+ 41. Nxd2 Rxd2+ 42. Kf1 Rc2 0-1

[Event "Oberliga Ost-A 1617"]
[Site "Germany"]
[Date "2016.11.20"]
[Round "3.5"]
[White "Zimmermann, Rene"]
[Black "Niegsch, Nicolas"]
[Result "0-1"]
[WhiteElo "2140"]
[BlackElo "2191"]
[PlyCount "132"]
[EventDate "2016.10.16"]
[EventType "team-tourn"]
[EventRounds "11"]
[EventCountry "GER"]
[SourceTitle "EXT 2018"]
[Source "ChessBase"]
[SourceDate "2017.10.13"]
[SourceVersion "1"]
[SourceVersionDate "2017.10.13"]
[SourceQuality "1"]
[WhiteTeam "Dresden Gruen Weiss"]
[BlackTeam "Loeberitz"]
[WhiteTeamCountry "GER"]
[BlackTeamCountry "GER"]

1. c4 g6 2. Nc3 Bg7 3. d4 Nf6 4. e4 d6 5. f3 0-0 6. Be3 Nc6 7. Nge2 Rb8 8. Qd2 a6 9. Rb1 Re8 10. b4 b5 11. cxb5 axb5 12. d5 Ne5 13. Nd4 Bd7 14. Bxb5 Bxb5 15. Ncxb5 Nc4 16. Qe2 Nxe3 17. Qxe3 e6 18. dxe6 fxe6 19. 0-0 Qd7 20. Nc3 e5 21. Nc2 c6 22. Rfd1 Qc7 23. Na3 Ra8 24. Nc4 d5 25. exd5 cxd5 26. Nb6 d4 27. Nxa8 Qc6 28. b5 Qxa8 29. Rxd4 exd4 30. Qxd4 Rd8 31. Qc4+ Kh8 32. b6 Nh5 33. b7 Qb8 34. Nd5 Be5 35. f4 Nxf4 36. Nxf4 Bxf4 37. g3 Be5 38. a4 Qa7+ 39. Kg2 Qe3 40. Qc8 Qd2+ 41. Kh3 Kg7 42. Qg4 Rd4 43. b8Q Bxb8 44. Rb7+ Kh6 45. Qf3 Bd6 46. Qf6 Rd5 47. Qg7+ Kg5 48. Qxh7 Qd4 49. Qd7 Be5 50. Qc8 Qd1 51. Rf7 Qh5+ 52. Kg2 Rd2+ 53. Rf2 Rxf2+ 54. Kxf2 Qxh2+ 55. Kf1 Qxg3 56. Qc5 Qf3+ 57. Kg1 Qd1+ 58. Kg2 Qe2+ 59. Kg1 Kg4 60. a5 Qe1+ 61. Kg2 Qg3+ 62. Kf1 Qd3+ 63. Kg2 Qf3+ 64. Kg1 Kh3 65. Qc8+ Kg3 66. Qc2 Bd4+ 0-1

[Event "Oberliga Ost-A 1516"]
[Site "Germany"]
[Date "2016.04.10"]
[Round "11.6"]
[White "Hoffmann, Hendrik"]
[Black "Niegsch, Nicolas"]
[Result "1-0"]
[WhiteElo "2181"]
[BlackElo "2144"]
[PlyCount "67"]
[EventDate "2015.09.20"]
[EventType "team-tourn"]
[EventRounds "11"]
[EventCountry "GER"]
[SourceTitle "EXT 2017"]
[Source "ChessBase"]
[SourceDate "2016.10.25"]
[SourceVersion "1"]
[SourceVersionDate "2016.10.25"]
[SourceQuality "1"]
[WhiteTeam "Leipzig SG II"]
[BlackTeam "Loeberitz"]
[WhiteTeamCountry "GER"]
[BlackTeamCountry "GER"]

1. e4 c5 2. c3 Nf6 3. e5 Nd5 4. d4 cxd4 5. Nf3 e6 6. cxd4 d6 7. Nc3 dxe5 8. Nxe5 Nc6 9. Bb5 Bd7 10. Nxd7 Qxd7 11. 0-0 Be7 12. Be3 0-0 13. Qf3 Rad8 14. Rad1 a6 15. Bd3 Ncb4 16. Bb1 Nxc3 17. bxc3 Nd5 18. Qh3 f5 19. Bd2 Rc8 20. Rfe1 Qa4 21. g4 g6 22. gxf5 gxf5 23. Kh1 Kh8 24. Qf3 Qc6 25. c4 Qxc4 26. Rxe6 Nc3 27. Rxe7 Nxd1 28. Qxd1 Qd5+ 29. f3 Qxd4 30. Qe1 Rc6 31. Be3 Qd5 32. Qe2 Rfc8 33. Bf4 Rd8 34. Qb2+ 1-0

[Event "Oberliga Ost-A 1516"]
[Site "Germany"]
[Date "2016.04.09"]
[Round "10.6"]
[White "Niegsch, Nicolas"]
[Black "Hartge, Gedeon"]
[Result "1/2-1/2"]
[WhiteElo "2144"]
[BlackElo "1858"]
[PlyCount "95"]
[EventDate "2015.09.20"]
[EventType "team-tourn"]
[EventRounds "11"]
[EventCountry "GER"]
[SourceTitle "EXT 2017"]
[Source "ChessBase"]
[SourceDate "2016.10.25"]
[SourceVersion "1"]
[SourceVersionDate "2016.10.25"]
[SourceQuality "1"]
[WhiteTeam "Loeberitz"]
[BlackTeam "Halle Volksbank"]
[WhiteTeamCountry "GER"]
[BlackTeamCountry "GER"]

1. e4 c5 2. d3 Nc6 3. f4 g6 4. Nf3 d6 5. Be2 Bg7 6. 0-0 e6 7. c3 a6 8. a4 Nge7 9. Na3 0-0 10. Be3 f5 11. Qd2 b6 12. Rae1 Rb8 13. Bd1 Qc7 14. Bb3 Nd8 15. e5 d5 16. c4 d4 17. Bf2 Nf7 18. Bh4 Nc6 19. Qf2 Bb7 20. Bd1 Nb4 21. Qd2 Qd7 22. Bf2 Nc6 23. h3 Bh6 24. Bg3 Nb4 25. Kh2 Bc6 26. b3 Rfe8 27. Bh4 b5 28. Bf6 bxa4 29. g4 fxg4 30. hxg4 axb3 31. g5 Bf8 32. Rh1 Bxf3 33. Bxf3 Qa4 34. Kg3 Qxa3 35. Ra1 Qxa1 36. Rxa1 Nc2 37. Rb1 Ne3 38. Be4 Rb4 39. Rh1 b2 40. Qh2 Bh6 41. gxh6 b1Q 42. Bxg6 Nf1+ 43. Rxf1 Qxf1 44. Bxf7+ Kxf7 45. Qh5+ Kf8 46. Bg7+ Ke7 47. Bf6+ Kf8 48. Bg7+ 1/2-1/2

[Event "Oberliga Ost-A 1516"]
[Site "Germany"]
[Date "2016.01.17"]
[Round "7.6"]
[White "Niegsch, Nicolas"]
[Black "Pesztericz, Laszlo"]
[Result "1/2-1/2"]
[WhiteElo "2144"]
[BlackElo "2084"]
[PlyCount "61"]
[EventDate "2015.09.20"]
[EventType "team-tourn"]
[EventRounds "11"]
[EventCountry "GER"]
[SourceTitle "EXT 2017"]
[Source "ChessBase"]
[SourceDate "2016.10.25"]
[SourceVersion "1"]
[SourceVersionDate "2016.10.25"]
[SourceQuality "1"]
[WhiteTeam "Loeberitz"]
[BlackTeam "Magdeburg Rochade"]
[WhiteTeamCountry "GER"]
[BlackTeamCountry "GER"]

1. e4 e5 2. Nf3 Nc6 3. Nc3 Nf6 4. Bb5 Nd4 5. Bc4 Nxf3+ 6. gxf3 d6 7. d4 Be7 8. Rg1 g6 9. Bh6 c6 10. Qd3 b5 11. Bb3 a5 12. a4 b4 13. Nd1 Ba6 14. Bc4 Bxc4 15. Qxc4 Qb6 16. Bg7 Rg8 17. Bxf6 Bxf6 18. d5 c5 19. Ne3 Kf8 20. Qd3 Kg7 21. Nc4 Qc7 22. Ke2 Rge8 23. Qe3 Rab8 24. b3 Ra8 25. Rg3 h6 26. Rag1 Bg5 27. Qd3 Bf4 28. R3g2 Ra7 29. h4 h5 30. Nb2 Rc8 31. Nc4 1/2-1/2

[Event "Oberliga Ost-A 1516"]
[Site "Germany"]
[Date "2016.01.16"]
[Round "6.6"]
[White "Katz, Roland"]
[Black "Niegsch, Nicolas"]
[Result "1/2-1/2"]
[WhiteElo "2070"]
[BlackElo "2144"]
[PlyCount "37"]
[EventDate "2015.09.20"]
[EventType "team-tourn"]
[EventRounds "11"]
[EventCountry "GER"]
[SourceTitle "EXT 2017"]
[Source "ChessBase"]
[SourceDate "2016.10.25"]
[SourceVersion "1"]
[SourceVersionDate "2016.10.25"]
[SourceQuality "1"]
[WhiteTeam "Dessau"]
[BlackTeam "Loeberitz"]
[WhiteTeamCountry "GER"]
[BlackTeamCountry "GER"]

1. e4 e5 2. Nf3 Nc6 3. Bc4 Bc5 4. c3 Nf6 5. d4 exd4 6. cxd4 Bb4+ 7. Bd2 Nxe4 8. Bxb4 Nxb4 9. Bxf7+ Kxf7 10. Qb3+ Kf8 11. Qxb4+ Qe7 12. Qxe7+ Kxe7 13. 0-0 d5 14. Re1 Kd6 15. Nc3 Nxc3 16. bxc3 Rf8 17. Re3 Bd7 18. Rae1 Rae8 19. Ne5 1/2-1/2

[Event "GER-ch U18"]
[Site "Willingen"]
[Date "2015.05.29"]
[Round "8"]
[White "Ruff, Maximilian"]
[Black "Niegsch, Nicolas"]
[Result "1-0"]
[WhiteElo "2208"]
[BlackElo "2096"]
[PlyCount "43"]
[EventDate "2015.05.24"]
[EventType "swiss"]
[EventRounds "9"]
[EventCountry "GER"]
[SourceTitle "CBM 166 Extra"]
[Source "ChessBase"]
[SourceDate "2015.06.18"]
[SourceVersion "1"]
[SourceVersionDate "2015.06.18"]
[SourceQuality "1"]

1. e4 e5 2. Nf3 Nc6 3. Nc3 Nf6 4. g3 d5 5. exd5 Nxd5 6. Bg2 Nxc3 7. bxc3 Bc5 8. 0-0 0-0 9. d3 Re8 10. Re1 Bg4 11. h3 Bh5 12. g4 Bg6 13. Ng5 Qd7 14. Qf3 Rac8 15. Ne4 Be7 16. Be3 Nd8 17. Nc5 Bxc5 18. Bxc5 b6 19. Be3 c5 20. Qd5 Qe6 21. f4 exf4 22. Bd2 1-0

[Event "GER-ch U18"]
[Site "Willingen"]
[Date "2015.05.27"]
[Round "6"]
[White "Niegsch, Nicolas"]
[Black "Voege, Tobias"]
[Result "1-0"]
[WhiteElo "2096"]
[BlackElo "2187"]
[PlyCount "107"]
[EventDate "2015.05.24"]
[EventType "swiss"]
[EventRounds "9"]
[EventCountry "GER"]
[SourceTitle "CBM 166 Extra"]
[Source "ChessBase"]
[SourceDate "2015.06.18"]
[SourceVersion "1"]
[SourceVersionDate "2015.06.18"]
[SourceQuality "1"]

1. e4 c5 2. Nf3 Nc6 3. d4 cxd4 4. Nxd4 g6 5. Nc3 Bg7 6. Be3 Nf6 7. Bc4 0-0 8. Bb3 d6 9. f3 Nxd4 10. Bxd4 Be6 11. Qd2 Qa5 12. 0-0-0 Rfc8 13. Kb1 b5 14. Rhe1 Bxb3 15. cxb3 b4 16. Bxf6 bxc3 17. Bxc3 Bxc3 18. bxc3 Qxc3 19. Qxc3 Rxc3 20. Rc1 Rac8 21. Rxc3 Rxc3 22. Rc1 Rxc1+ 23. Kxc1 Kf8 24. Kc2 Ke8 25. Kc3 Kd7 26. Kc4 Kc6 27. b4 h5 28. h4 f5 29. b5+ Kd7 30. a4 e6 31. g3 e5 32. Kd5 f4 33. gxf4 exf4 34. e5 g5 35. hxg5 h4 36. g6 h3 37. g7 h2 38. g8Q h1Q 39. Qe6+ Kd8 40. Qxd6+ Kc8 41. Qc6+ Kb8 42. Kd6 Qh6+ 43. e6 a5 44. Kd7 Qh7+ 45. e7 Qh3+ 46. Qe6 Qh7 47. Qb6+ Ka8 48. Qd8+ Ka7 49. Qxa5+ Kb8 50. Qb6+ Ka8 51. Qa6+ Kb8 52. Qd6+ Ka8 53. Kd8 Qxe7+ 54. Kxe7 1-0